logo

Bir Sreshtho Munshi Abdur Rouf Library
Jhenaidah Cadet College

আল-কুরআন শব্দ সংখ্যা ও তার শিক্ষা / (Record no. 10423)

MARC details
000 -LEADER
fixed length control field 00784nam a2200217 a 4500
001 - CONTROL NUMBER
JCCL Control Number 10423
003 - CONTROL NUMBER IDENTIFIER
JCCL marc code BD-JhCC
005 - DATE AND TIME OF LATEST TRANSACTION
control field 20200402134008.0
008 - FIXED-LENGTH DATA ELEMENTS--GENERAL INFORMATION
fixed length control field 180426s2017 bg |||| ||a| 000 0 ben d
035 ## - SYSTEM CONTROL NUMBER
system control number (BD-JhCC)10423
040 ## - CATALOGING SOURCE
Original cataloging agency BD-JhCC
Modifying agency BD-JhCC
041 ## - LANGUAGE CODE
Language code of Book ben
082 ## - DEWEY DECIMAL CLASSIFICATION NUMBER
Classification number 297.1227
Author mark and Year ALQ 2017
245 ## - TITLE STATEMENT
Title আল-কুরআন শব্দ সংখ্যা ও তার শিক্ষা /
Statement of responsibility, etc মোহাম্মদ রফিকুল ইসলাম (সংকলক)
260 ## - PUBLICATION, DISTRIBUTION, ETC. (IMPRINT)
Place of publication, distribution, etc ঢাকা :
Name of publisher, distributor, etc শিরিন পাবলিকেশন্স,
Date of publication, distribution, etc 2017
300 ## - PHYSICAL DESCRIPTION
Pagination 403 p. :
Dimensions 21 cm.
650 ## - SUBJECT ADDED ENTRY--TOPICAL TERM
Topical term or geographic name as entry element Al-Quran Dictionary
700 ## - ADDED ENTRY--PERSONAL NAME
Personal name ইসলাম, মোহাম্মদ রফিকুল (সংকলক)
942 ## - ADDED ENTRY ELEMENTS (KOHA)
Source of classification or shelving scheme Dewey Decimal Classification
Koha item type Books
Koha issues (borrowed), all copies 4
Holdings
Source of classification or shelving scheme Damaged status Not for loan Home library Current library Shelving location Date of accession Cost, normal purchase price Total Checkouts Full call number Barcode Date last seen Date checked out Copy number Method of acquisition Koha item type Currency
Dewey Decimal Classification     JCC Rouf Library JCC Rouf Library General Stacks 04/26/2018 600.00 1 297.1227 ALQ 2017 13856 08/08/2019 06/19/2019 C-1 Purchase Books  
Dewey Decimal Classification     JCC Rouf Library JCC Rouf Library General Stacks 04/26/2018 600.00 2 297.1227 ALQ 2017 13855 07/15/2024 07/01/2024 C-2   Books  
Dewey Decimal Classification     JCC Rouf Library JCC Rouf Library General Stacks 04/26/2018 700.00 2 297.1227 ALQ 2017 13846 07/17/2019 06/26/2019 C-3   Books  
Dewey Decimal Classification     JCC Rouf Library JCC Rouf Library General Stacks 04/26/2018 700.00   297.1227 ALQ 2017 13845 04/26/2018   C-4   Books  

JCC Library | Contacts | JCC Home

Last Update on 23 September 2017
Copyright @ 2017-2020 JCC Rouf Library
Rouf Library, Jhenidah Cadet College (JCC), Bangladesh